000 00304nam a22001337a 4500
008 170209b xxu||||| |||| 00| 0 eng d
020 _a0803683138
041 _aeng
080 _217ED
_a61
100 _a4
101 _aSHM
245 _aTABERS CYNCLOPEDIC MEDICAL DICTIONARY
_cTHOMAS.L
942 _2udc
_cBK
999 _c5013
_d5013